Erotismo, afectividad y religión en las culturas
Saved in:
| Institution som forfatter: | |
|---|---|
| Format: | Bog |
| Sprog: | spansk |
| Udgivet: |
Santiago
Centro de Estudios Judaicos
2002
|
| Fag: | |
| Tags: |
Tilføj Tag
Ingen Tags, Vær først til at tagge denne postø!
|
MARC
| LEADER | 00000nam a2200000 a 4500 | ||
|---|---|---|---|
| 001 | UCM2649 | ||
| 003 | CL-VaPUC | ||
| 005 | 20230619150032.0 | ||
| 008 | 020613e20020000cl 1 spa d | ||
| 082 | 0 | 4 | |a 306 |b UNI |2 21 |
| 110 | 2 | |a Universidad de Chile |e author |9 620118 | |
| 245 | 1 | 0 | |a Erotismo, afectividad y religión en las culturas |
| 260 | |a Santiago |b Centro de Estudios Judaicos |c 2002 | ||
| 300 | |a 280 p | ||
| 583 | |a last modification |c 20020613 00:00:00 |k Rodrigo Vera | ||
| 600 | 1 | 7 | |a PICASSO, PABLO |2 CL-VaPUC |9 265273 |
| 650 | 0 | 7 | |a EROTISMO |2 CL-VaPUC |9 313188 |
| 650 | 0 | 0 | |a Afectividad |9 334265 |
| 650 | 0 | 0 | |a Religión |9 255164 |
| 650 | 0 | 7 | |a RELIGIONES AFRICANAS |2 CL-VaPUC |9 433608 |
| 650 | 0 | 7 | |a SENSUALIDAD |2 CL-VaPUC |9 620119 |
| 651 | 0 | |a Isla de Pascua |9 261357 | |
| 651 | 7 | |a CHILE |2 CL-VaPUC |9 620120 | |
| 651 | 0 | |a Egipto |9 268199 | |
| 942 | |c BK | ||
| 945 | |a vberengu |d 20020613 00:00:00 | ||
| 546 | |a En Español | ||
| 536 | |a Centro de Estudios Judaicos | ||
| 518 | |p Jornadas Interdisciplinarias Religión y Cultura: Erotismo, Afectividad y Religión en las Culturas, 9, 7-11 de enero del 2002 | ||
| 999 | |c 383774 |d 383772 | ||
| 952 | |0 0 |1 0 |4 0 |6 306_000000000000000_UNI_2002 |7 0 |8 A |9 506034 |a BIBTEO |b BIBTEO |d 2020-01-23 |i 3818179 |o 306 UNI 2002 |p 3818179 |r 2025-01-17 |w 2020-01-23 |y BK |k ICR | ||